000
00316nam a22001457a 4500
008
210430b ||||| |||| 00| 0 eng d
020
_a
9781405102605
041
_a
eng
080
_a
72
082
_a
72
100
_a
41
101
_a
ARK
245
_a
Architectural Theory
_c
Harry F. Mallgrave
942
_2
udc
_c
BK
999
_c
57056
_d
57056